LEADER 00729nam a2200193 i 4500 001 000000080966 003 CaOOAMICUS 005 20180330000000.0 008 180330s1982 it u000 u ita u 013 $a53204 040 $aSeMil$bita 245 10$a1853-1854. 300 $a240 p. 773 0 $aKierkegaard, Søren <1813-1855>$tDiario.$dBrescia : Morcelliana, 1980-1983.$bTerza edizione riveduta e aumentata.$gVol.10$w()21197 850 $aSeMil 852 $aSeMil$W1$xVenegono$y1$m2P VII 230$j46319$B46319$CSeMilBibl$Z2$F48563 $81 852 $aSeMil$W1$xVenegono$y1$m2P II 995$j230144$B239389$CSeMilBibl$Z2$F239389 $81 961 $aRecupero: Seminario di Seveso 996 $6245$a1853-1854$9(OLS)http://semarc/title/276350 LEADER 01278nam a2200289 i 4500 001 000000126715 003 CaOOAMICUS 005 20060109000000.0 008 060109s1994 it u000 u ita u 013 $a99423 020 $a88-7802-543-7 040 $aSeMil$bita 100 1 $aKuciukian, Pietro.$0(OLS)http://semarc/name/41835 245 13$aLe terre di Nairì :$bviaggio in Armenia /$cPietro Kuciukian ; presentazione di Umberto Galimberti ; postfazione di Antonia Arslan. 260 $aMilano :$bGuerini e Associati,$c1994. 300 $a166 p. ;$c21 cm. 500 $aContiene : Bibliografia. - Fondo Card. C.M. Martini. 650 4$aArmenia - Descrizioni e viaggi.$0(OLS)http://semarc/subject/24789 700 1 $aArslan, Antonia,$d<1938- >.$0(OLS)http://semarc/name/25387 700 1 $aGalimberti, Umberto,$d<1942- >.$0(OLS)http://semarc/name/7701 850 $aSeMil 852 $aSeMil$W1$xVenegono$y1$m4Y III 82$j81070$B81070$CSeMilBibl$Z2$F107583 $81 941 1 $a4 961 $aOmaggio: Martini Card. Carlo Maria 996 $6020$a88-7802-543-7$9(OLS)http://semarc/number/112953 996 $6245$aLe terre di Nairì :$bviaggio in Armenia$9(OLS)http://semarc/title/186896 996 $6260$aMilano :$bGuerini e Associati$9(OLS)http://semarc/publisher/31885